000 00636nam a22002297a 4500
005 20170124105917.0
010 _aA-285410
020 _c00.00
_a0851573762
035 _aA-285410
037 _bCen Lib/Ret
040 _aDPL
_bEN
082 _a025.5
_bBUN
100 _aBunch, Allan
_93085
245 _aThe basicof information work /
_cby Allan Bunch
260 _aLondon
_bClive Bingley
_c1985
270 _a7 Ridmount Street
_bLondon
300 _a159p.
_c22cm(Hb)
500 _aIncludes index
650 _aLibrary Science
_9106628
650 _aInformation Services
_93087
942 _2ddc
_cEN
_h025.5
_mBUN
999 _c122920
_d122920